[Event "USA-ch15 prel 09 corr"]
[Site "USA"]
[Date "2000.06.20"]
[Round "?"]
[White "Bissonnette, Normand"]
[Black "Johnson, Russell"]
[Result "1-0"]
[WhiteElo "2107"]
[BlackElo "2008"]
[PlyCount "25"]
[EventDate "2000.06.20"]
[EventType "tourn (corr)"]
[EventRounds "12"]
[EventCountry "USA"]
[SourceTitle "Corr 2006"]
[Source "ChessBase"]
[SourceDate "2006.04.01"]
[SourceVersion "3"]
[SourceVersionDate "2006.04.01"]
[SourceQuality "1"]

1. e4 c5 2. Nf3 g6 3. d4 cxd4 4. Qxd4 Nf6 5. e5 Nc6 6. Qa4 Nd5 7. Qe4 e6 8. c4 Nde7 9. Be2 b6 10. Nc3 a6 11. Bg5 Bg7 12. Qf4 h6 13. Ne4 1-0

[Event "USA-ch15 prel 09 corr"]
[Site "USA"]
[Date "2000.06.20"]
[Round "?"]
[White "Johnson, Russell"]
[Black "Edwards, Kenneth"]
[Result "0-1"]
[WhiteElo "2008"]
[BlackElo "2177"]
[PlyCount "26"]
[EventDate "2000.06.20"]
[EventType "tourn (corr)"]
[EventRounds "12"]
[EventCountry "USA"]
[SourceTitle "Corr 2006"]
[Source "ChessBase"]
[SourceDate "2006.04.01"]
[SourceVersion "3"]
[SourceVersionDate "2006.04.01"]
[SourceQuality "1"]

1. e4 c5 2. Nf3 Nc6 3. d4 cxd4 4. Nxd4 Nf6 5. Nc3 d6 6. Be3 Ng4 7. Nxc6 bxc6 8. Qf3 Nxe3 9. Qxe3 g6 10. Qd4 e5 11. Qe3 h5 12. Bc4 Bh6 13. Qf3 0-0 0-1